| 000 | 00706nam a2200289Ia 4500 | ||
|---|---|---|---|
| 005 | 20260324143733.0 | ||
| 008 | 008 260324s9999 xx 000 0 eng d | ||
| 020 | _a9781003136255 | ||
| 037 | _aEBOOK | ||
| 040 | _aCRL | ||
| 040 | _beng | ||
| 040 | _cCRL | ||
| 041 | _2eng | ||
| 041 | _aeng | ||
| 084 | _qCRL | ||
| 100 |
_aFernando Santos-Granero _91216742 |
||
| 245 | 4 | _aThe Power of Love | |
| 245 | 4 | _bThe Moral Use of Knowledge among the Amuesga of Central Peru | |
| 260 | _bTaylor and Francis | ||
| 260 | _c1991 | ||
| 365 | _a | ||
| 365 | _b180 | ||
| 856 | _uhttp://www.taylorfrancis.com/books/9781003136255 | ||
| 942 | _cEBOOK | ||
| 999 |
_c1822495 _d1822495 |
||